000 01583cam a2200397 a 4500
001 15634404
003 OSt
005 20140311163154.0
008 090223s2009 maud b 001 0 eng
010 _a 2009003343
015 _aGBA956972
_2bnb
016 7 _a015286691
_2Uk
020 _a9781422122969 (hardcover : alk. paper)
020 _a1422122964 (hardcover : alk. paper)
035 _a(OCoLC)ocn262430687
040 _aDLC
_cDLC
_dBTCTA
_dUKM
_dYDXCP
_dC#P
_dBWX
_dB2A
_dCDX
_dDLC
050 0 0 _aHD 53
_b.G638 2009
082 0 0 _a658.4/092
100 1 _aGoffee, Robert.
_930607
245 1 0 _aClever :
_bleading your smartest, most creative people /
_cRob Goffee, Gareth Jones.
260 _aBoston, Mass. :
_bHarvard Business Press,
_cc2009.
300 _axxii, 182 p. :
_bcharts ;
_c25 cm.
504 _aIncludes bibliographical references (p.169-172) and index.
505 0 _aUnderstanding clever people -- What can leaders do? -- The anatomy of clever teams -- Breaking the code of clever teams -- Contours of the clever organization -- The future of clever organizations.
526 _c1210L-1700L
541 _j1
562 _e1
650 0 _aCreative ability in business.
_9482
650 0 _aTeams in the workplace.
_917016
650 0 _aLeadership.
_9483
650 0 _aEmployee motivation.
_9589
700 1 _aJones, Gareth,
_d1951 Aug. 21-
_930608
906 _a7
_bcbc
_corignew
_d1
_eecip
_f20
_gy-gencatlg
942 _2lcc
_cBK
_kBSBA
999 _c42334
_d42334